Central Library OPAC University of Rajshahi
Normal view MARC view

Entry Topical Term

Number of records used in: 3

001 - CONTROL NUMBER

  • control field: 9644

003 - CONTROL NUMBER IDENTIFIER

  • control field: BD-RjUL

005 - DATE AND TIME OF LATEST TRANSACTION

  • control field: 20231017164233.0

008 - FIXED-LENGTH DATA ELEMENTS

  • fixed length control field: 231017|| aca||aabn | a|a d

040 ## - CATALOGING SOURCE

  • Original cataloging agency: BD-RjUL
  • Transcribing agency: BD-RjUL

150 ## - HEADING--TOPICAL TERM

  • Topical term or geographic name entry element: Banking services
  • General subdivision: Commercial banks
  • Geographic subdivision: Bangladesh

670 ## - SOURCE DATA FOUND

  • Source citation: Work cat.: (BD-RjUL)82150: Akterujjaman, S. M. 9643, CUSTOMER'S SATISFACTION TOWARDS THE SERVICES OF COMMERCIAL BANKS IN BANGLADESH :, 2014